Avengers Villain or Justice League Villain? - Statistics

General Stats
  • This quiz has been taken 369 times
  • The average score is 14 of 17
Answer Stats
Hint Answer % Correct
Thanos Avengers
100%
Loki Avengers
98%
Ultron Avengers
97%
Amazo Justice League
97%
Lex Luthor Justice League
97%
The Joker Justice League
96%
Darkseid Justice League
91%
Dormammu Avengers
87%
Brainiac Justice League
87%
Vandal Savage Justice League
86%
Kang the Conqueror Avengers
85%
Anti-Moniter Justice League
80%
M.O.D.O.K. Avengers
79%
Baron Zemo Avengers
77%
Taskmaster Avengers
75%
Doomsday Justice League
60%
Super-Adaptoid Avengers
33%
No matching quizzes found
Score Distribution
Percent of People with Each Score
Percentile by Number Answered
Your Score History
You have not taken this quiz